| 000 | 00809nam a22002537a 4500 | ||
|---|---|---|---|
| 005 | 20170123162304.0 | ||
| 010 | _aB-209376 | ||
| 020 | _c195.00 | ||
| 035 | _aB-209376 | ||
| 037 | _bCen Lib/Ret | ||
| 040 |
_aDPL _bUR |
||
| 082 |
_aن _bم ح م |
||
| 100 |
_aمحمد ارمان حسین _9109064 |
||
| 245 |
_aترشول / _cمحمد ارمان حسین |
||
| 246 |
_aTrishool / _bbu Mohammad Arman Husain |
||
| 260 |
_aدہلی _bایجوکیشنل پبلشنگ ہاؤس _c2007 |
||
| 270 |
_bدہلی _a٣١٠٨ گلی وکیل کچہ پنڈت لال کون _e110006 |
||
| 300 |
_a136p. _c21cm(Hb) |
||
| 650 |
_aاردو ادب _9109065 |
||
| 650 |
_aاردو ناول _9547 |
||
| 650 |
_aUrdu literature _9109066 |
||
| 650 |
_aUrdu novel _9109067 |
||
| 942 |
_2ddc _cUR _hن _mم ح م |
||
| 999 |
_c106202 _d106202 |
||